Malaysia kita

Bibliographic Details
Corporate Author: Malaysia
Format: Book
Published: Kuala Lumpur : Institut Tadbiran Awam Negara (INTAN) , 1991
Subjects:

MARC

LEADER 00000cam a2200000 7i4500
001 0000009466
005 20080515.0
020 |a 9679933121 
090 0 0 |a 959.5   |b MAL 
110 1 |a Malaysia   |c Institut Tadbiran Awam Negara 
245 1 0 |a Malaysia kita 
260 |a Kuala Lumpur :   |b Institut Tadbiran Awam Negara (INTAN) ,   |c 1991 
300 |a 884p. :   |b ill ;   |c 25cm. 
650 0 0 |a Malaysia   |x Economic conditions 
650 0 0 |a Malaysia   |x Government and politics 
650 0 0 |a Malaysia   |x History 
999 |a 022973   |b BUKU   |c MALAYSIANA   |e PERPUSTAKAAN KOMUNITI PETALING JAYA 
999 |a 023165   |b BUKU   |c PINJAMAN   |e PERPUSTAKAAN KOMUNITI PETALING JAYA 
999 |a 023166   |b BUKU   |c PINJAMAN   |e PERPUSTAKAAN KOMUNITI PETALING JAYA 
999 |a 117983   |b BUKU   |c RUJUKAN   |e PERPUSTAKAAN KOMUNITI PETALING JAYA 
999 |a 117984   |b BUKU   |c RUJUKAN   |e PERPUSTAKAAN KOMUNITI PETALING JAYA 
999 |a 117985   |b BUKU   |c RUJUKAN   |e PERPUSTAKAAN KOMUNITI PETALING JAYA 
999 |a 117993   |b BUKU   |c RUJUKAN   |e PERPUSTAKAAN KOMUNITI PETALING JAYA 
999 |a 117995   |b BUKU   |c RUJUKAN   |e PERPUSTAKAAN KOMUNITI PETALING JAYA 
999 |a 117996   |b BUKU   |c RUJUKAN   |e PERPUSTAKAAN KOMUNITI PETALING JAYA 
999 |a 118000   |b BUKU   |c MALAYSIANA   |e PERPUSTAKAAN KOMUNITI PETALING JAYA